01113 2200325 4500001002100000005001500021035002000036007000300056008004100059336002100100337002300121338003800144040002200182100002700204245012100231300003300352504002900385020002200414082001400436084001600450264003700466500006900503600003100572700003200603850001200635852002000647856007600667990002200743990002200765INLIS00000000086596620211101012040 a0010-1121000047ta211101s2013 yoi gs bind d 2rdacontentateks 2rdamediaakomputer 2rdacarrieraSumber sambung jaring aYOPDYOGbinderda0 aYayuk Suhartiepenulis14aThe journey of Olga Syahputra :bhancur hatiku, full dompetku /cpenulis, Yayuk Suharti; penyunting, Muhammad Haikal a1 berkas komputer (801,1 KB) aBibliografi : halaman 60 a978-602-8931-99-104223a927.9 a927.9 YAY j31aYogyakarta :bBuku Pintar,c2013 auntuk mengakses buku ini silakan unduh aplikasi http://iJogja.id 4aOlga Syahputra--xBiografi0 aMuhammad Haikalepenyunting aYOPDYOG8 aaplikasi iJogja40nPerpustakaan digital iJogjauhttp://ijogja.id /publications/books/13908 a004355-EPD/B.2016 a004356-EPD/B.2016